RFID as Innovation for Improvement of Manufacturing Plant Performance
Gespeichert in:
| 1. Verfasser: | |
|---|---|
| Weitere Verfasser: | , |
| Format: | Buchkapitel |
| Sprache: | Englisch |
| Schlagworte: | |
| Tags: |
Keine Tags, Fügen Sie das erste Tag hinzu!
|
MARC
| LEADER | 00000naa$a2200000$$$4500 | ||
|---|---|---|---|
| 001 | 0233364 | ||
| 005 | 20240502073805.7 | ||
| 041 | 0 | |a eng | |
| 044 | |a SK | ||
| 245 | 1 | 0 | |a RFID as Innovation for Improvement of Manufacturing Plant Performance |c Eduard Hyránek, Adam Sorokač, Branislav Mišota |
| 500 | |a Abstrakt | ||
| 610 | 2 | 0 | |a elektrotechnika |
| 610 | 2 | 0 | |a výkonnosť podniku |
| 610 | 2 | 0 | |a logistika |
| 610 | 2 | 0 | |a výroba |
| 610 | 2 | 0 | |a priemysel 4.0 |
| 100 | 1 | |a Hyránek, Eduard, 1955- | |
| 700 | 1 | |a Sorokač, Adam | |
| 700 | 1 | |a Mišota, Branislav | |